| 000 | 01331cab a2200265Ia 45 0 | ||
|---|---|---|---|
| 001 | u209920 | ||
| 003 | SIRSI | ||
| 008 | 120216s2002 ua ss b eng d | ||
| 040 | _aEAL | ||
| 041 |
_aeng _bara |
||
| 090 | _aART EJAR V80 No1 17 | ||
| 100 | 1 | _aEl-Sebaey, I. I. A. | |
| 240 | 1 | 0 |
_aEgyptian journal of agricultural research, 2002 v 80 (1) _h[electronic resource]. |
| 245 | 1 | 0 |
_aCoranus africana sp. Nov., a new Harpactorin (Reduviidae: Hemiptera) from Egypt _h[electronic resource]. |
| 246 | 1 | 5 | _aتسجيل نوع جديد من تحت فصيلة هاربكتورينى (فصيلة ريديوفيدى - رتبة نصفية الأجنحة) من مصر. |
| 300 | _ap.211-217. | ||
| 504 | _aIncludes references. | ||
| 520 | _aCoranus africana sp. Nov. is described for the first time from Egypt. It was collected from different localities including Kom Oshim, Sharkia, Wadi El-Natrun, Giza and Sinai. Specimens were secured from some economic plants including tomato, clover, cotton, as well as several wild desert plants. | ||
| 546 | _aSummary in Arabic. | ||
| 650 | 0 | _aHemiptera. | |
| 650 | 0 |
_aInsect pests _xControl. |
|
| 773 | 0 |
_tEgyptian Journal of Agricultural Research. _g2002.v.80(1) _x1110-6336 _7nnas _wu158585 |
|
| 856 | 4 | 0 |
_uhttp://nile.enal.sci.eg/EALE/2002/EJAR/8002/1/211.pdf _zFull Text Article |
| 596 | _a1 | ||
| 942 |
_cAR _2lcc |
||
| 999 |
_c59388 _d59388 |
||